বাংলাদেশের ইতিহাস / (Record no. 37856)
[ view plain ]
| 000 -LEADER | |
|---|---|
| fixed length control field | 01076nam a2200253 a 4500 |
| 001 - CONTROL NUMBER | |
| control field | 37856 |
| 003 - CONTROL NUMBER IDENTIFIER | |
| rucl marc code | BD-RjUL |
| 005 - DATE AND TIME OF LATEST TRANSACTION | |
| control field | 20211209052653.0 |
| 008 - FIXED-LENGTH DATA ELEMENTS--GENERAL INFORMATION | |
| fixed length control field | 150817s1973 ii 00010 bbend |
| 035 ## - SYSTEM CONTROL NUMBER | |
| System control number | (BD-RjUL)37961 |
| 040 ## - CATALOGING SOURCE | |
| Original cataloging agency | BD-RjUL |
| Transcribing agency | BD-RjUL |
| Language of cataloging | ben |
| 041 ## - LANGUAGE CODE | |
| Language code of text/sound track or separate title | ben |
| 082 ## - DEWEY DECIMAL CLASSIFICATION NUMBER | |
| Edition number | 23 |
| Classification number | 954.14 |
| Author mark and year | BAN |
| 245 ## - TITLE STATEMENT | |
| Title | বাংলাদেশের ইতিহাস / |
| Statement of responsibility, etc. | রমেশ চন্দ্র মজুমদার ...[এবং অন্যান্য] |
| 250 ## - EDITION STATEMENT | |
| Edition statement | ২য় সং. |
| 260 ## - PUBLICATION, DISTRIBUTION, ETC. (IMPRINT) | |
| Place of publication, distribution, etc. | কলিকাতা : |
| Name of publisher, distributor, etc. | জেনারেল পাবলিশার্স, |
| Date of publication, distribution, etc. | ১৯৭৩ |
| 300 ## - PHYSICAL DESCRIPTION | |
| Pagination | খণ্ড ; |
| Size | ২১ সেমি. |
| 500 ## - GENERAL NOTE | |
| General note | নির্ঘন্ট সংযুক্ত । |
| 505 ## - FORMATTED CONTENTS NOTE | |
| Formatted contents note | খণ্ড. ২য় মধ্যযুগ-- খণ্ড. ৪র্থ মুক্তি সংগ্রাম-- |
| 650 ## - SUBJECT ADDED ENTRY--TOPICAL TERM | |
| Topical term or geographic name as entry element | বাংলাদেশ |
| Form subdivision | ইতিহাস |
| 9 (RLIN) | 117208 |
| Topical term or geographic name as entry element | Bangladesh |
| Form subdivision | History |
| 9 (RLIN) | 117209 |
| 700 ## - ADDED ENTRY--PERSONAL NAME | |
| Personal name | মজুমদার, রমেশচন্দ্র |
| 942 ## - ADDED ENTRY ELEMENTS (KOHA) | |
| Source of classification or shelving scheme | Dewey Decimal Classification |
| Koha item type | Books |
| Lost status | Source of classification or shelving scheme | Damaged status | Not for loan | Collection code | Permanent Location | Current Location | Shelving location | Date acquired | Source of acquisition | Cost, normal purchase price | Total Checkouts | Full call number | Date last seen | Date checked out | Copy number | Koha item type | Total Renewals |
|---|---|---|---|---|---|---|---|---|---|---|---|---|---|---|---|---|---|
| Dewey Decimal Classification | Non-fiction | Central Library, University of Rajshahi | Central Library, University of Rajshahi | 11/03/1976 | রাজশাহী বইঘর | 62.50 | 4 | B 954.14 BAN V-2 1973 | 29/05/2024 | 15/05/2024 | C-4 | Books | |||||
| Dewey Decimal Classification | Non-fiction | Central Library, University of Rajshahi | Central Library, University of Rajshahi | 30/06/1981 | রাজশাহী, আলগড় লাইব্রেরী | 120.00 | 3 | B 954.14 BAN V-2 1973 | 15/03/2023 | 15/03/2023 | C-2 | Books | 1 | ||||
| Dewey Decimal Classification | Non-fiction | Central Library, University of Rajshahi | Central Library, University of Rajshahi | 30/06/1981 | রাজশাহী, আলগড় লাইব্রেরী | 120.00 | 3 | B 954.14 BAN V-2 1973 | 18/01/2023 | 18/01/2023 | C-3 | Books | 1 | ||||
| Dewey Decimal Classification | Not For Loan | Non-fiction | Central Library, University of Rajshahi | Central Library, University of Rajshahi | 30/06/1981 | Aligor Library, Rajshahi | 120.00 | B 954.14 BAN V-4 1975 | 08/03/2017 | C-1 | Books |